Article 24 : (Record no. 18727)

000 -LEADER
fixed length control field 01007cam a22003254a 4500
020 ## - INTERNATIONAL STANDARD BOOK NUMBER
ISBN 9789004147331 (alk. paper)
020 ## - INTERNATIONAL STANDARD BOOK NUMBER
ISBN 9004147330 (alk. paper)
040 ## - CATALOGING SOURCE
Transcribing agency NLM
082 04 - DEWEY DECIMAL CLASSIFICATION NUMBER
Classification number 341 MNP 2006 C151 Or.
100 1# - MAIN ENTRY--AUTHOR NAME
Personal name Eide, Asbj©ırn
245 10 - TITLE STATEMENT
Title Article 24 :
Remainder of title the right to health /
246 3# - VARYING FORM OF TITLE
Title proper/short title Article twenty-four
246 30 - VARYING FORM OF TITLE
Title proper/short title Right to health
246 18 - VARYING FORM OF TITLE
Title proper/short title CRC commentary
260 ## - PUBLICATION, DISTRIBUTION, ETC. (IMPRINT)
Place of publication Leiden ;
-- Boston :
Name of publisher Martinus Nijhoff Publishers,
Year of publication 2006
300 ## - PHYSICAL DESCRIPTION
Number of Pages viii, 51 p. ;
Dimensions 24 cm
490 1# - SERIES STATEMENT
Series statement Commentary on the United Nations Convention on the Rights of the Child,
650 12 - SUBJECT ADDED ENTRY--TOPICAL TERM
Topical Term Child Advocacy
650 22 - SUBJECT ADDED ENTRY--TOPICAL TERM
Topical Term Child Health Services
650 22 - SUBJECT ADDED ENTRY--TOPICAL TERM
Topical Term Child Welfare
650 22 - SUBJECT ADDED ENTRY--TOPICAL TERM
Topical Term Child
650 22 - SUBJECT ADDED ENTRY--TOPICAL TERM
Topical Term International Cooperation
650 22 - SUBJECT ADDED ENTRY--TOPICAL TERM
Topical Term Patient Rights
650 #0 - SUBJECT ADDED ENTRY--TOPICAL TERM
Topical Term Children's rights
650 #0 - SUBJECT ADDED ENTRY--TOPICAL TERM
Topical Term Children (International law)
650 #0 - SUBJECT ADDED ENTRY--TOPICAL TERM
Topical Term Right to health
700 1# - ADDED ENTRY--PERSONAL NAME
Personal name Eide, Wenche Barth
856 41 - ELECTRONIC LOCATION AND ACCESS
Uniform Resource Identifier http://www.loc.gov/catdir/toc/fy0710/2007274268.html
942 ## - ADDED ENTRY ELEMENTS (KOHA)
Koha item type ADB
952 ## - LOCATION AND ITEM INFORMATION (KOHA)
Withdrawn status [LOCAL, KOHA] 0
Holdings
Source of acquisition Permanent Location Date acquired Koha item type Lost status Shelving location Current Location Full call number
A33605Library Block C2020-01-15សៀវភៅភាសាអង់គ្លេស C151Library Block C341 MNP 2006 C151 Or.
មជ្ឈមណ្ឌលឯការនៃសាកលវិទ្យាល័យភូមិន្ទកសិកម្មចំការដូង

Powered by Koha